Prepad tempa ekonomického rastu šokoval i odborníkov
Prudké spomalenie ekonomického rastu v poslednom štvrťroku r. 1998. Perspektíva hospodárskeho rastu na rok 1999. Prognóza vývoja vybraných hospodárskych ukazovateľov. Recesia v stavebníctve. Stav zásob. Banky a financovanie podnikov.
Gespeichert in:
| 1. Verfasser: | |
|---|---|
| Format: | Buchkapitel |
| Sprache: | Slowakisch |
| Schlagworte: | |
| Tags: |
Keine Tags, Fügen Sie das erste Tag hinzu!
|
MARC
| LEADER | 00000naa a2200000 4500 | ||
|---|---|---|---|
| 001 | r034596 | ||
| 005 | 20230921103230.5 | ||
| 041 | 0 | |a slo | |
| 044 | |a SK | ||
| 245 | 1 | 0 | |a Prepad tempa ekonomického rastu šokoval i odborníkov |c Pavol Suďa |
| 520 | |a Prudké spomalenie ekonomického rastu v poslednom štvrťroku r. 1998. Perspektíva hospodárskeho rastu na rok 1999. Prognóza vývoja vybraných hospodárskych ukazovateľov. Recesia v stavebníctve. Stav zásob. Banky a financovanie podnikov. | ||
| 610 | 2 | 0 | |a rast hospodársky |
| 610 | 2 | 0 | |a situácia hospodárska |
| 610 | 2 | 0 | |a ukazovatele ekonomické |
| 610 | 2 | 0 | |a stavebníctvo |
| 610 | 2 | 0 | |a zásoby |
| 610 | 2 | 0 | |a banky |
| 610 | 2 | 0 | |a financovanie podnikov |
| 610 | 2 | 0 | |a prognózy hospodárske |
| 610 | 2 | 0 | |a Slovensko |
| 610 | 2 | 0 | |a 1998 |
| 610 | 2 | 0 | |a 1999 |
| 100 | 1 | |a Suďa, Pavol | |